00942nam a2200253 i 4500001001000000003000900010005001700019007000300036008004100039040003000080041000800110082003100118100004800149245010600197264003800303300002800341336002700369337003300396338002800429500006300457500007300520650001700593651007800610000039531DO-SdBNP20250501120733.0ta130705s1958 ag r 000 0 spa d aDO-SdBNPbspacBNPHUerda hspa 4a972.93053bG158e, 19582221 a Galíndez, Jesús de, d1915-1956eautor13aLa era de trujillo :bun estudio casuístico de dictadura hispanoamericana /cJesús de Galíndez. aBuenos Aires :bAmericana,c1958. a238 páginas ;c21 cm. ardacontentbtexto2txt ardamediabsin mediación2n ardacarrierbvolumen2nc aIncluye datos biográficos del autor en la contracubierta aIncluye referencias bibliográficas y notas al pie de las páginas10aDemografía 4aRepública DominicanaxPolítica y gobiernoyEra de Trujillo, 1930-1961